Normal view
MARC view
- شعلان، محمد سليمان مؤلف/جادالله،سعاد م.مشارك/رضوان،محمد محمود م.مشارك
Entry Personal Name
001 - CONTROL NUMBER
- control field: 38393
003 - CONTROL NUMBER IDENTIFIER
- control field: JO-AjAnu
005 - DATE AND TIME OF LATEST TRANSACTION
- control field: 20230606080408.0
008 - FIXED-LENGTH DATA ELEMENTS
- fixed length control field: 230606|| aca||aabn | a|a d
040 ## - CATALOGING SOURCE
- Original cataloging agency: JO-AjAnu
- Transcribing agency: JO-AjAnu
100 ## - HEADING--PERSONAL NAME
- Personal name: شعلان، محمد سليمان مؤلف/جادالله،سعاد م.مشارك/رضوان،محمد محمود م.مشارك
670 ## - SOURCE DATA FOUND
- Source citation: Work cat.: (JO-AjAnu)19695: شعلان، محمد سليمان مؤلف/جادالله،سعاد م.مشارك/رضوان،محمد محمود م.مشارك, author, إتجاهات في أصول التدريس بمدرسة التعليم الأساسي